00581cam a22002411i 4500001001300000003000400013005001700017008004100034010001700075035001900092040001800111042001200129050002200141100002100163245001500184250001300199260003800212300002100250500001700271500001900288650001500307999001700322sa 68019064 DLC20260227112716.0830707s1959 io 000 0 ind  asa 68019064  a(OCoLC)9675850 aDLCcOAUdDLC apremarc00aHF5415b.T33 19591 aTan, Kiat Djwee.10aMarketing. aEdisi 1. a[Djakarta] :bAcademica,c[1959?] a127 p. ;c27 cm. aCover title. aIn Indonesian. 0aMarketing. c88800d88800